000 00445nam a2200121Ia 4500
008 220616s9999||||xx |||||||||||||| ||und||
100 _aM. Hammad Ather
245 0 _aBladder Cancer - Management of NMI and Muscle-Invasive Cancer
546 _aEnglish[eng]
650 _aMedicine||Urologic Oncology||Urology||Health Sciences
856 _uhttps://www.intechopen.com/books/bladder-cancer-management-of-nmi-and-muscle-invasive-cancer
942 _cEB
999 _c21250
_d21250